00631nam a2200145Ia 4500008004100000050002300041100003200064245010000096260005900196300002700255650003000282700004400312952011200356999001700468120721s9999 xx 000 0 und d aHF5686.E9 R56 1985 aRio Gonzalez, Cristobal del aCostos para administradores y dirigentes / Cristobal del Rio Gonzalez, Raymundo del Rio Sanchez aMéxico : Ediciones Contables y Administrativas, 1985 apag. variable ; 17 cm. a1. Contabilidad de costos aI. Rio Sanchez, Raymundo del, coaut.Ì 00104070a08b08d2008-12-17l1oHF5686.E9 R56 1985p08 000722r2020-01-08s2020-01-08t1w2012-07-20yLB c81630d81630